书目信息 |
| 题名: |
个人主义与经济秩序
|
|
| 作者: | 英F.A.冯·哈耶克 ;邓正来 | |
| 分册: | ||
| 出版信息: | 北京 生活·读书·新知 三联书店 37622 |
|
| 页数: | 390页 | |
| 开本: | 20cm | |
| 丛书名: | ||
| 单 册: | ||
| 中图分类: | F019.6 | |
| 科图分类: | ||
| 主题词: | 政治经济学--概论 | |
| 电子资源: | ||
| ISBN: | 7-108-01783-0 | |
| 000 | 00642nam0 2200193 450 | |
| 001 | 0728815141 | |
| 005 | 20070819080015.14 | |
| 010 | @a7-108-01783-0@d¥25.00 | |
| 100 | @a20070819d km y0chiy0120 ea | |
| 101 | 0 | @achi |
| 200 | 1 | @a个人主义与经济秩序@Age ren zhu yi yu jing ji zhi xu@f[英]F.A.冯·哈耶克@F[ying]F.A.feng·ha ye ke@g邓正来@Gdeng zheng lai |
| 210 | @a北京@c生活·读书·新知 三联书店@d37622 | |
| 215 | @a390页@d20cm | |
| 606 | 0 | @a政治经济学@x概论 |
| 690 | @aF019.6@v3 | |
| 701 | 0 | @a英F.A.冯·哈耶克@Aying F.A.feng·ha ye ke |
| 702 | 0 | @a邓正来@Adeng zheng lai |
| 801 | 0 | @aCN@bPFT@c20070819 |
| 905 | @a213230@dF019.6@eZW13@f1 | |
| 个人主义与经济秩序/[英]F.A.冯·哈耶克/邓正来.-北京:生活·读书·新知 三联书店,37622 |
| 390页;20cm |
| ISBN 7-108-01783-0:¥25.00 |
| ● |
| 相关链接 |
|
|
|
|
正题名:个人主义与经济秩序
索取号:F019.6/ZW13
 
预约/预借
| 序号 | 登录号 | 条形码 | 馆藏地/架位号 | 状态 | 备注 |
| 1 | 7601564 | 276015642 | 密集书库-文学院/ [索取号:F019.6/ZW13] | 在馆 |